Phantom of the Opera Songs - Sudden Death - Statistics

General Stats
  • This quiz has been taken 193 times
  • The average score is 11 of 33
Answers on the Grid
Answers color-coded by a green-red scale on the quiz's grid according to % correct below.
A Palace of Echoes
All I Ask of You
All I Ask of You (Reprise)
All I Ask of You (Reprise)
Angel of Music
Bravo, Monsieur
Don Juan Triumphant
Don Juan Triumphant Rehearsal
Down Once More
Dream a Little Harder
Entr'acte
Everything and More
Feast of Famine
Finale
For Good
Hannibal Rehearsal
I Dreamed a Dream
I Remember
If I Believed
If I Fail You
If I Loved You
Il Muto
In the Woods Somewhere
Inevitable
Lacrimosa
Let Him Come
Let It Out
Literal Monster
Little Lotte
Little Lotte (Reprise)
Lux Aeterna
Magical Lasso
Masquerade
Nella Fantasia
No One Would Listen
Notes
Notes (Reprise)
O Fortuna
Overture
Prima Donna
Prologue
Requiem for a Dream
Requiem for a Dream (Reprise)
Shadows Beneath the Chandelier
Shadows Beneath the Chandelier (Reprise)
Show Stopping Number
Stars
Stranger Than You Dreamt It
The Best of You
The Mirror (Angel of Music)
The Music of the Night
The Phantom of the Opera
The Phantom of the Opera (Reprise)
The Point of No Return
Think of Me
Think of Me (Reprise)
Till I Hear You Sing
Track Down This Murderer
Twisted
Twisted Every Way
Wandering Child
Wandering Child (Reprise)
What Do You Say?
What if Tomorrow Comes?
Whishing You Were Somehow Here Again
Why Have You Brought Me Here?
Why So Silent?
 
Answer Stats
Answer % Correct
All I Ask of You
84%
Angel of Music
80%
All I Ask of You (Reprise)
71%
All I Ask of You (Reprise)
56%
The Phantom of the Opera
45%
Down Once More
44%
The Music of the Night
42%
Little Lotte
40%
Think of Me
40%
Don Juan Triumphant
38%
Masquerade
37%
Entr'acte
35%
Prima Donna
34%
The Mirror (Angel of Music)
33%
Hannibal Rehearsal
32%
The Point of No Return
28%
Don Juan Triumphant Rehearsal
27%
Notes
27%
Overture
27%
Whishing You Were Somehow Here Again
24%
Il Muto
23%
Bravo, Monsieur
22%
Finale
19%
I Remember
19%
Magical Lasso
19%
Prologue
19%
Wandering Child
19%
Why So Silent?
19%
Notes (Reprise)
16%
Why Have You Brought Me Here?
15%
Stranger Than You Dreamt It
14%
Track Down This Murderer
13%
Twisted Every Way
13%
No matching quizzes found
Score Distribution
Percent of People with Each Score
Percentile by Number Answered
Your Score History
You have not taken this quiz